[Event "Niedersachsen-ch"]
[Site "Verden an der Aller"]
[Date "2020.01.02"]
[Round "1"]
[White "Ewert, Hannes"]
[Black "Ermel, Dirk"]
[Result "1/2-1/2"]
[WhiteElo "2256"]
[BlackElo "2125"]
[PlyCount "88"]
[EventDate "2020.01.02"]
[EventType "swiss"]
[EventRounds "7"]
[EventCountry "GER"]
[SourceTitle "EXT 2021"]
[Source "ChessBase"]
[SourceDate "2020.10.23"]
[SourceVersion "1"]
[SourceVersionDate "2020.10.23"]
[SourceQuality "1"]

1. Nf3 d5 2. g3 Nf6 3. c4 c6 4. Bg2 e6 5. b3 Nbd7 6. Bb2 Be7 7. 0-0 0-0 8. Qc2 Re8 9. d3 b6 10. Nc3 Bb7 11. e4 Qc7 12. e5 Ng4 13. d4 Rac8 14. Rad1 Qb8 15. Rfe1 c5 16. cxd5 cxd4 17. dxe6 fxe6 18. Rxd4 Bxf3 19. Bxf3 Ngxe5 20. Bg2 Rf8 21. Qd1 Bc5 22. Rd2 Nd3 23. Ne4 Nxb2 24. Rxb2 Bb4 25. Rf1 Nf6 26. Qe2 Qe5 27. Nxf6+ Qxf6 28. Be4 Bc5 29. Kg2 e5 30. h4 Bd4 31. Rd2 Rfd8 32. Qg4 Bc5 33. Re2 Rc7 34. Rc2 Rcd7 35. Rc3 Rd2 36. Rf3 Qe7 37. Qf5 g6 38. Qg4 Rf8 39. h5 Rxf3 40. Bxf3 Kg7 41. a4 Qd7 42. hxg6 hxg6 43. Qxd7+ Rxd7 44. Rd1 Rxd1 1/2-1/2

[Event "St Veit op-A 29th"]
[Site "St Veit"]
[Date "2010.07.18"]
[Round "9"]
[White "Verhoef, Helge"]
[Black "Ermel, Dirk"]
[Result "1/2-1/2"]
[WhiteElo "2054"]
[BlackElo "2209"]
[PlyCount "24"]
[EventDate "2010.07.10"]
[EventType "swiss"]
[EventRounds "9"]
[EventCountry "AUT"]
[SourceTitle "CBM 137 Extra"]
[Source "ChessBase"]
[SourceDate "2010.09.01"]
[SourceVersion "1"]
[SourceVersionDate "2010.09.01"]
[SourceQuality "1"]

1. d4 f5 2. g3 Nf6 3. Bg2 e6 4. Nf3 Be7 5. 0-0 0-0 6. c4 c6 7. Nc3 d5 8. b3 Ne4 9. Qd3 Nd7 10. a4 Bb4 11. Na2 Be7 12. Nc3 Bb4 1/2-1/2

[Event "St Veit op-A 29th"]
[Site "St Veit"]
[Date "2010.07.16"]
[Round "7"]
[White "Schein, Karl Heinz"]
[Black "Ermel, Dirk"]
[Result "1/2-1/2"]
[WhiteElo "2249"]
[BlackElo "2209"]
[PlyCount "79"]
[EventDate "2010.07.10"]
[EventType "swiss"]
[EventRounds "9"]
[EventCountry "AUT"]
[SourceTitle "CBM 137 Extra"]
[Source "ChessBase"]
[SourceDate "2010.09.01"]
[SourceVersion "1"]
[SourceVersionDate "2010.09.01"]
[SourceQuality "1"]

1. d4 Nf6 2. c4 c5 3. d5 b5 4. cxb5 e6 5. Nc3 exd5 6. Nxd5 Bb7 7. Nxf6+ Qxf6 8. Nf3 d5 9. g3 Bd6 10. Bg2 0-0 11. 0-0 h6 12. Ne1 Rd8 13. Nd3 a6 14. bxa6 Nxa6 15. Bf4 Bf8 16. a3 c4 17. Ne1 Nc5 18. Qc2 Bc6 19. Nf3 Ba4 20. Qc3 Qxc3 21. bxc3 Ne4 22. Be5 Bb3 23. Nd4 f6 24. Bc7 Rd7 25. Bxe4 dxe4 26. Bf4 Rxa3 27. Rxa3 Bxa3 28. Rb1 Rb7 29. Kf1 Kf7 30. Ke1 Bc5 31. Be3 g6 32. h4 h5 33. Ra1 Bd6 34. Rb1 Be5 35. Kd2 Bxd4 36. Bxd4 Re7 37. Ra1 Re6 38. Ke3 g5 39. Ra7+ Kg6 40. Rc7 1/2-1/2

[Event "Latschach op 24th"]
[Site "Latschach"]
[Date "2008.08.15"]
[Round "8"]
[White "Ermel, Dirk"]
[Black "Bergez, Luc"]
[Result "0-1"]
[WhiteElo "2190"]
[BlackElo "2349"]
[PlyCount "102"]
[EventDate "2008.08.09"]
[EventType "swiss"]
[EventRounds "9"]
[EventCountry "AUT"]
[SourceTitle "CBM 125 Extra"]
[Source "ChessBase"]
[SourceDate "2008.09.01"]
[SourceVersion "1"]
[SourceVersionDate "2008.09.01"]
[SourceQuality "1"]

1. e4 d5 2. Nc3 d4 3. Nce2 d3 4. cxd3 Nc6 5. d4 Nxd4 6. Qa4+ Nc6 7. d4 Qd6 8. Bf4 e5 9. dxe5 Qb4+ 10. Qxb4 Bxb4+ 11. Nc3 Nge7 12. Bb5 Bd7 13. 0-0-0 Bxc3 14. bxc3 Nxe5 15. Bxd7+ Nxd7 16. Bxc7 Rc8 17. Bd6 Rxc3+ 18. Kb2 Rc6 19. Nf3 h5 20. Rd2 Nc5 21. Bxc5 Rxc5 22. Rc1 Rb5+ 23. Ka1 Rh6 24. Rcd1 Nc6 25. Nh4 Re6 26. Nf5 Rxf5 27. exf5 Re4 28. Rb1 Na5 29. f3 Re3 30. Rb4 Re1+ 31. Kb2 b5 32. Kc3 Nc4 33. Rd4 Re3+ 34. Rd3 Re5 35. a4 a6 36. axb5 axb5 37. Rb1 Ke7 38. g4 hxg4 39. fxg4 Kf6 40. h4 Ne3 41. Rd6+ Ke7 42. Rd4 Rc5+ 43. Kd3 Nd5 44. Re1+ Kd6 45. Re8 Rc3+ 46. Ke2 Rc5 47. Rd8+ Ke5 48. R4xd5+ Rxd5 49. Rxd5+ Kxd5 50. f6 g6 51. h5 gxh5 0-1

[Event "Latschach op 23rd"]
[Site "Latschach"]
[Date "2007.08.18"]
[Round "9"]
[White "Wyrwich, Thomas"]
[Black "Ermel, Dirk"]
[Result "1/2-1/2"]
[WhiteElo "2253"]
[BlackElo "2164"]
[PlyCount "37"]
[EventDate "2007.08.11"]
[EventType "swiss"]
[EventRounds "9"]
[EventCountry "AUT"]
[SourceTitle "CBM 120 Extra"]
[Source "ChessBase"]
[SourceDate "2007.11.01"]
[SourceVersion "1"]
[SourceVersionDate "2007.11.01"]
[SourceQuality "1"]

1. Nf3 d5 2. d4 Nf6 3. c4 e6 4. g3 Be7 5. Bg2 c6 6. 0-0 Nbd7 7. Qc2 0-0 8. Rd1 b6 9. b3 Bb7 10. Nc3 Rc8 11. e4 Bb4 12. e5 Ne8 13. Ng5 g6 14. a3 Be7 15. Nf3 f5 16. exf6 Bxf6 17. Bh6 Ng7 18. Re1 c5 19. Rad1 1/2-1/2

[Event "Latschach op 23rd"]
[Site "Latschach"]
[Date "2007.08.16"]
[Round "7"]
[White "Vedder, Richard"]
[Black "Ermel, Dirk"]
[Result "0-1"]
[WhiteElo "2303"]
[BlackElo "2164"]
[PlyCount "46"]
[EventDate "2007.08.11"]
[EventType "swiss"]
[EventRounds "9"]
[EventCountry "AUT"]
[SourceTitle "CBM 120 Extra"]
[Source "ChessBase"]
[SourceDate "2007.11.01"]
[SourceVersion "1"]
[SourceVersionDate "2007.11.01"]
[SourceQuality "1"]

1. e4 c6 2. Ne2 d5 3. e5 Na6 4. d4 g6 5. Nf4 Nc7 6. c4 Be6 7. Qb3 Nh6 8. Qxb7 Rb8 9. Qxa7 dxc4 10. Nc3 Nf5 11. Be3 Rxb2 12. 0-0-0 Rb8 13. Nxe6 fxe6 14. Bxc4 Nxe3 15. fxe3 Bh6 16. Rhe1 0-0 17. Rd2 Nd5 18. Bxd5 exd5 19. Qa4 e6 20. Qd1 Qa5 21. Rc2 Rf2 22. Qd3 Qa3+ 23. Kd1 Rb1+ 0-1

[Event "Latschach op 23rd"]
[Site "Latschach"]
[Date "2007.08.12"]
[Round "3"]
[White "Sikula, Vaszilij"]
[Black "Ermel, Dirk"]
[Result "1-0"]
[WhiteElo "2554"]
[BlackElo "2164"]
[PlyCount "107"]
[EventDate "2007.08.11"]
[EventType "swiss"]
[EventRounds "9"]
[EventCountry "AUT"]
[SourceTitle "CBM 120 Extra"]
[Source "ChessBase"]
[SourceDate "2007.11.01"]
[SourceVersion "1"]
[SourceVersionDate "2007.11.01"]
[SourceQuality "1"]

1. e4 e5 2. Nf3 Nc6 3. Bc4 Nf6 4. d3 Be7 5. 0-0 0-0 6. Re1 d6 7. a4 Be6 8. Nbd2 Qd7 9. c3 Rfe8 10. a5 a6 11. Bb3 Bxb3 12. Qxb3 Bf8 13. d4 d5 14. exd5 Nxd5 15. Nxe5 Nxe5 16. Rxe5 Rxe5 17. dxe5 Nf4 18. Nf1 Ne2+ 19. Kh1 Nxc1 20. Rxc1 Qf5 21. Qxb7 Re8 22. Qxa6 Rxe5 23. Kg1 Rxa5 24. Qe2 Ra2 25. Ne3 Qa5 26. g3 g6 27. Re1 Qa4 28. Qc4 Qa7 29. Qb3 Bc5 30. Ng4 c6 31. Re8+ Kg7 32. Qb8 Qxb8 33. Rxb8 Ra1+ 34. Kg2 Re1 35. Rc8 Re6 36. Kf3 h5 37. Ne3 Kf6 38. b4 Bxe3 39. fxe3 Ke5 40. e4 Rf6+ 41. Ke3 Kd6 42. c4 Rf1 43. e5+ Kd7 44. Rf8 Ke7 45. Rb8 Rd1 46. Rb7+ Ke8 47. b5 cxb5 48. cxb5 Rh1 49. b6 Rxh2 50. Rc7 Kd8 51. Rxf7 Kc8 52. e6 Rh1 53. b7+ Kb8 54. e7 1-0

[Event "Seefeld op 17th"]
[Site "Seefeld"]
[Date "2006.09.29"]
[Round "7"]
[White "Platzgummer, Fabian"]
[Black "Ermel, Dirk"]
[Result "1/2-1/2"]
[WhiteElo "2044"]
[BlackElo "2184"]
[PlyCount "30"]
[EventDate "2006.09.23"]
[EventType "swiss"]
[EventRounds "9"]
[EventCountry "AUT"]
[SourceTitle "EXT 2009"]
[Source "ChessBase"]
[SourceDate "2008.11.26"]
[SourceVersion "1"]
[SourceVersionDate "2008.11.26"]
[SourceQuality "1"]

1. d4 Nf6 2. c4 c5 3. d5 b5 4. cxb5 a6 5. b6 g6 6. Nc3 Bg7 7. Nf3 d6 8. e4 Bg4 9. Qa4+ Nfd7 10. Nd2 0-0 11. Qc2 Nxb6 12. a4 a5 13. Bb5 Na6 14. Bxa6 Rxa6 15. 0-0 c4 1/2-1/2

[Event "Seefeld op 17th"]
[Site "Seefeld"]
[Date "2006.09.27"]
[Round "5"]
[White "Schoetzig, Detlef"]
[Black "Ermel, Dirk"]
[Result "1/2-1/2"]
[WhiteElo "2124"]
[BlackElo "2184"]
[PlyCount "82"]
[EventDate "2006.09.23"]
[EventType "swiss"]
[EventRounds "9"]
[EventCountry "AUT"]
[SourceTitle "EXT 2009"]
[Source "ChessBase"]
[SourceDate "2008.11.26"]
[SourceVersion "1"]
[SourceVersionDate "2008.11.26"]
[SourceQuality "1"]

1. c4 e6 2. Nf3 d5 3. d4 Nf6 4. e3 c6 5. Bd3 Nbd7 6. 0-0 Bd6 7. Nc3 0-0 8. e4 dxe4 9. Nxe4 Nxe4 10. Bxe4 f5 11. Bc2 e5 12. c5 Be7 13. dxe5 Nxc5 14. Be3 Be6 15. Nd4 Bc4 16. Nxf5 Bxf1 17. Qxd8 Bxd8 18. Bxc5 Bc4 19. Bxf8 Kxf8 20. Nd6 Bd5 21. Nxb7 Bc7 22. Nc5 Rd8 23. f4 g5 24. g3 gxf4 25. gxf4 Ke7 26. Bxh7 Rh8 27. Bd3 Bb6 28. b4 Rg8+ 29. Kf1 Rg4 30. f5 Rxb4 31. f6+ Kd8 32. Nb3 Rf4+ 33. Ke1 Bc7 34. Rc1 Bxe5 35. Na5 Rxf6 36. Rc2 Rh6 37. Bc4 Rxh2 38. Rxh2 Bxh2 39. Bxd5 cxd5 40. Nc6+ Kc7 41. Nxa7 Kb6 1/2-1/2

[Event "Seefeld op 17th"]
[Site "Seefeld"]
[Date "2006.09.23"]
[Round "1"]
[White "Ermel, Dirk"]
[Black "Antoniacci, Ricardo"]
[Result "1-0"]
[WhiteElo "2184"]
[BlackElo "1980"]
[PlyCount "89"]
[EventDate "2006.09.23"]
[EventType "swiss"]
[EventRounds "9"]
[EventCountry "AUT"]
[SourceTitle "EXT 2009"]
[Source "ChessBase"]
[SourceDate "2008.11.26"]
[SourceVersion "1"]
[SourceVersionDate "2008.11.26"]
[SourceQuality "1"]

1. c4 e5 2. Nc3 d6 3. d4 Nc6 4. Nf3 Bg4 5. d5 Nb8 6. Nd2 g6 7. f3 Bd7 8. b4 Bg7 9. e4 f5 10. Be2 Qh4+ 11. g3 Qe7 12. Nb3 h5 13. Be3 f4 14. Bf2 g5 15. Rc1 Nh6 16. gxf4 gxf4 17. c5 Bh3 18. cxd6 cxd6 19. Nb5 Na6 20. Na5 0-0 21. Rg1 Kh7 22. a3 Bf6 23. Nxd6 Qxd6 24. Nxb7 Qe7 25. Bxa6 Bh4 26. Qe2 Rg8 27. Kd2 Bg5 28. Qc4 Rgc8 29. Nc5 Rc7 30. Qd3 Nf7 31. Nb3 Rd7 32. Bc8 Rxc8 33. Rxc8 Nd6 34. Rc6 Bh4 35. Bc5 Qd8 36. Qa6 Nf7 37. Rcg6 Ng5 38. Rh6+ Kg8 39. Qf6 Qxf6 40. Rxf6 Kh7 41. Rxg5 Bxg5 42. Ra6 Rg7 43. Rxa7 Bd7 44. Bf8 Rf7 45. Bd6 1-0

[Event "Wilhelm Werner Memorial-M 31st"]
[Site "Bockenem"]
[Date "2006.05.28"]
[Round "7"]
[White "Bode, Wilfried"]
[Black "Ermel, Dirk"]
[Result "1/2-1/2"]
[WhiteElo "2277"]
[BlackElo "2089"]
[PlyCount "26"]
[EventDate "2006.05.??"]
[EventType "tourn"]
[EventRounds "7"]
[EventCountry "GER"]
[SourceTitle "EXT 2008"]
[Source "ChessBase"]
[SourceDate "2007.11.25"]
[SourceVersion "1"]
[SourceVersionDate "2007.11.25"]
[SourceQuality "1"]

1. d4 c5 2. c3 Nf6 3. Nf3 b6 4. dxc5 bxc5 5. e4 Bb7 6. e5 Nd5 7. Bd3 e6 8. Qe2 f5 9. exf6 Nxf6 10. Bf4 Be7 11. Nbd2 0-0 12. Bg3 Nc6 13. Rd1 Kh8 1/2-1/2

[Event "Wilhelm Werner Memorial-M 31st"]
[Site "Bockenem"]
[Date "2006.05.24"]
[Round "1"]
[White "Ermel, Dirk"]
[Black "Tonndorf, Matthias"]
[Result "1-0"]
[WhiteElo "2089"]
[BlackElo "2081"]
[PlyCount "54"]
[EventDate "2006.05.??"]
[EventType "tourn"]
[EventRounds "7"]
[EventCountry "GER"]
[SourceTitle "EXT 2008"]
[Source "ChessBase"]
[SourceDate "2007.11.25"]
[SourceVersion "1"]
[SourceVersionDate "2007.11.25"]
[SourceQuality "1"]

1. e4 c5 2. c4 d6 3. Ne2 Nf6 4. Nbc3 Qa5 5. d3 a6 6. Bd2 Qd8 7. g3 e5 8. f3 Nc6 9. h4 Be7 10. Bh3 Bxh3 11. Rxh3 0-0 12. Kf2 Ne8 13. g4 Bxh4+ 14. Kg2 Bg5 15. Nd5 f6 16. f4 exf4 17. Nexf4 Bxf4 18. Bxf4 Ne7 19. Qh1 Nxd5 20. exd5 Qd7 21. Rxh7 Qxg4+ 22. Bg3 f5 23. Rh8+ Kf7 24. Rxf8+ Kxf8 25. Qh8+ Ke7 26. Re1+ Kd7 27. Qf8 Qg5 1-0

[Event "Seefeld op 16th"]
[Site "Seefeld"]
[Date "2005.09.24"]
[Round "8"]
[White "Ermel, Dirk"]
[Black "Schmidt, Wolfgang2222"]
[Result "1-0"]
[WhiteElo "2208"]
[BlackElo "2091"]
[PlyCount "61"]
[EventDate "2005.09.17"]
[EventType "swiss"]
[EventRounds "9"]
[EventCountry "AUT"]
[SourceTitle "EXT 2007"]
[Source "ChessBase"]
[SourceDate "2006.11.23"]
[SourceVersion "1"]
[SourceVersionDate "2006.11.23"]
[SourceQuality "1"]

1. e4 d6 2. c4 Nf6 3. Nc3 g6 4. d4 Bg7 5. f3 0-0 6. Be3 Nc6 7. Qd2 a6 8. g4 e5 9. d5 Nd4 10. h4 h5 11. g5 Nd7 12. Nce2 c5 13. dxc6 bxc6 14. Nxd4 exd4 15. Bxd4 Ne5 16. 0-0-0 Rb8 17. f4 Bg4 18. Be2 Nxc4 19. Bxc4 Bxd4 20. Qxd4 Bxd1 21. Kxd1 d5 22. exd5 cxd5 23. Bb3 Qd7 24. Ne2 Qg4 25. Rg1 Qh3 26. Rg3 Qf1+ 27. Kd2 Rfe8 28. Re3 Rbd8 29. Re5 Qg2 30. Qe3 Kf8 31. Ba4 1-0

[Event "Seefeld op 16th"]
[Site "Seefeld"]
[Date "2005.09.21"]
[Round "5"]
[White "Platzgummer, Fabian"]
[Black "Ermel, Dirk"]
[Result "1/2-1/2"]
[WhiteElo "2032"]
[BlackElo "2208"]
[PlyCount "71"]
[EventDate "2005.09.17"]
[EventType "swiss"]
[EventRounds "9"]
[EventCountry "AUT"]
[SourceTitle "EXT 2007"]
[Source "ChessBase"]
[SourceDate "2006.11.23"]
[SourceVersion "1"]
[SourceVersionDate "2006.11.23"]
[SourceQuality "1"]

1. e4 e5 2. Nf3 Nc6 3. Bc4 Nf6 4. d4 exd4 5. 0-0 Nxe4 6. Re1 d5 7. Bxd5 Qxd5 8. Nc3 Qa5 9. Nxe4 Be6 10. Neg5 0-0-0 11. Nxe6 fxe6 12. Rxe6 Bd6 13. Bg5 Rde8 14. Qe2 Ne5 15. Nxd4 Rxe6 16. Nxe6 Re8 17. Bd2 Qd5 18. Nxg7 Rg8 19. f4 Rxg7 20. fxe5 Bxe5 21. Bc3 Bd4+ 22. Bxd4 Qxd4+ 23. Qf2 Qxb2 24. Rd1 Qb6 25. Qxb6 axb6 26. Kf2 Rg4 27. Rd2 Ra4 28. Ke3 Rxa2 29. g4 c5 30. h4 b5 31. h5 b4 32. g5 c4 33. g6 hxg6 34. hxg6 Kc7 35. g7 Ra8 36. Rg2 1/2-1/2

[Event "Wilhelm Werner Memorial-M 30th"]
[Site "Bockenem"]
[Date "2005.05.05"]
[Round "2"]
[White "Ermel, Dirk"]
[Black "Markgraf, Stefan"]
[Result "1-0"]
[WhiteElo "2121"]
[BlackElo "2046"]
[PlyCount "91"]
[EventDate "2005.05.??"]
[EventType "tourn"]
[EventRounds "7"]
[EventCountry "GER"]
[SourceTitle "EXT 2008"]
[Source "ChessBase"]
[SourceDate "2007.11.25"]
[SourceVersion "1"]
[SourceVersionDate "2007.11.25"]
[SourceQuality "1"]

1. c4 e5 2. Nc3 f5 3. d4 exd4 4. Qxd4 Nc6 5. Qe3+ Qe7 6. Nd5 Qxe3 7. Bxe3 Kd8 8. Nf3 h6 9. 0-0-0 Nge7 10. Nf4 Ke8 11. h4 g6 12. Nd4 Nxd4 13. Bxd4 Rg8 14. g3 Bg7 15. Bg2 Rb8 16. Bd5 Nxd5 17. Nxd5 Bxd4 18. Rxd4 Kd8 19. c5 b6 20. c6 d6 21. e4 Rf8 22. Re1 Be6 23. e5 Bxd5 24. Rxd5 b5 25. exd6 Rb6 26. dxc7+ Kxc7 27. Rd7+ Kxc6 28. Rxa7 Kd5 29. Rd7+ Kc5 30. Re5+ Kb4 31. b3 Rc6+ 32. Kb2 Rfc8 33. a3+ Ka5 34. a4 Rb8 35. Rdd5 Rbb6 36. Rxb5+ Rxb5 37. Rxb5+ Ka6 38. Re5 Rd6 39. Ka3 Rd2 40. Re6+ Kb7 41. f4 g5 42. fxg5 hxg5 43. hxg5 Rd3 44. Rf6 Rxg3 45. Rxf5 Rg4 46. a5 1-0

[Event "Schwarzach op-A 19th"]
[Site "Salzburg"]
[Date "2004.08.23"]
[Round "3"]
[White "Kekelidze, Mikheil"]
[Black "Ermel, Dirk"]
[Result "1-0"]
[WhiteElo "2484"]
[BlackElo "2209"]
[PlyCount "41"]
[EventDate "2004.08.21"]
[EventType "swiss"]
[EventRounds "9"]
[EventCountry "AUT"]
[SourceTitle "CBM 102 Extra"]
[Source "ChessBase"]
[SourceDate "2004.11.03"]
[SourceVersion "1"]
[SourceVersionDate "2004.11.03"]
[SourceQuality "1"]

1. d4 d5 2. c4 e6 3. Nf3 Nf6 4. g3 Be7 5. Bg2 0-0 6. 0-0 c6 7. Nc3 b6 8. Ne5 Bb7 9. e4 Nbd7 10. Nxd7 Qxd7 11. e5 Ne8 12. cxd5 cxd5 13. f4 g6 14. g4 Ng7 15. Be3 Rac8 16. Qd3 Bb4 17. f5 exf5 18. gxf5 Rc4 19. Ne4 dxe4 20. Qxc4 Nxf5 21. Rxf5 1-0

[Event "Schwarzach op-A 19th"]
[Site "Salzburg"]
[Date "2004.08.22"]
[Round "2"]
[White "Ermel, Dirk"]
[Black "Hendriks, Willy"]
[Result "1/2-1/2"]
[WhiteElo "2209"]
[BlackElo "2393"]
[PlyCount "75"]
[EventDate "2004.08.21"]
[EventType "swiss"]
[EventRounds "9"]
[EventCountry "AUT"]
[SourceTitle "CBM 102 Extra"]
[Source "ChessBase"]
[SourceDate "2004.11.03"]
[SourceVersion "1"]
[SourceVersionDate "2004.11.03"]
[SourceQuality "1"]

1. e4 d6 2. c4 g6 3. d4 Bg7 4. Nc3 Nd7 5. Be3 e5 6. Nge2 c6 7. Qd2 f5 8. exf5 gxf5 9. dxe5 dxe5 10. Bg5 Ndf6 11. Qxd8+ Kxd8 12. Ng3 h6 13. Bh4 Kc7 14. 0-0-0 Be6 15. Bd3 Ne7 16. Rhe1 e4 17. Ngxe4 fxe4 18. Nxe4 Nxe4 19. Rxe4 Nf5 20. Rxe6 Bxb2+ 21. Kxb2 Nxh4 22. g3 Nf3 23. Be2 Raf8 24. Bxf3 Rxf3 25. Rd2 h5 26. Re3 Rxe3 27. fxe3 h4 28. Kc3 hxg3 29. hxg3 Rg8 30. Rg2 Rg4 31. c5 Kd7 32. Kd3 Rg5 33. Kd4 Rd5+ 34. Kc4 Re5 35. Rb2 Kc7 36. Rb3 Re4+ 37. Kd3 Rg4 38. Ra3 1/2-1/2

[Event "Seefeld op 14th"]
[Site "Seefeld"]
[Date "2003.09.20"]
[Round "8"]
[White "Schmidt, Wolfgang"]
[Black "Ermel, Dirk"]
[Result "0-1"]
[WhiteElo "2105"]
[BlackElo "2194"]
[PlyCount "62"]
[EventDate "2003.09.13"]
[EventType "swiss"]
[EventRounds "9"]
[EventCountry "AUT"]
[SourceTitle "CBM 097 Extra"]
[Source "ChessBase"]
[SourceDate "2004.01.13"]
[SourceVersion "1"]
[SourceVersionDate "2004.01.13"]
[SourceQuality "1"]

1. e4 c6 2. d4 d5 3. Nc3 dxe4 4. Bc4 Nf6 5. f3 b5 6. Bb3 exf3 7. Nxf3 e6 8. Qe2 Be7 9. a4 b4 10. Ne4 Ba6 11. Nxf6+ Bxf6 12. Qe4 Qe7 13. Bf4 Bb7 14. Qe2 Nd7 15. 0-0-0 0-0 16. Kb1 Rfd8 17. Rhe1 Nb6 18. Ne5 Nd5 19. Bc1 Rac8 20. Qh5 c5 21. Rd3 g6 22. Qh3 Bxe5 23. Bxd5 Bxd4 24. Bxb7 Qxb7 25. Rf3 Bg7 26. Bg5 Rd5 27. Bf6 Bxf6 28. Rxf6 Rcd8 29. Qf3 Qd7 30. Qf2 Qxa4 31. Qe2 Rd2 0-1

[Event "Seefeld op 14th"]
[Site "Seefeld"]
[Date "2003.09.16"]
[Round "4"]
[White "Willin, Bernhard"]
[Black "Ermel, Dirk"]
[Result "0-1"]
[WhiteElo "1994"]
[BlackElo "2194"]
[PlyCount "152"]
[EventDate "2003.09.13"]
[EventType "swiss"]
[EventRounds "9"]
[EventCountry "AUT"]
[SourceTitle "CBM 097 Extra"]
[Source "ChessBase"]
[SourceDate "2004.01.13"]
[SourceVersion "1"]
[SourceVersionDate "2004.01.13"]
[SourceQuality "1"]

1. Nf3 d5 2. d4 Nf6 3. Bg5 Nbd7 4. e3 e6 5. Bd3 Be7 6. 0-0 0-0 7. Nbd2 c5 8. c3 a6 9. Qe2 b5 10. e4 c4 11. Bc2 dxe4 12. Nxe4 Bb7 13. Ng3 h6 14. Bd2 Nd5 15. Rae1 Bg5 16. Nxg5 hxg5 17. Qh5 N7f6 18. Qxg5 Nh7 19. Qe5 Qf6 20. Qe4 g6 21. Qg4 Qg7 22. Qh3 Rfd8 23. Re5 Nf8 24. f4 f6 25. Re2 Qh7 26. Qg4 f5 27. Qg5 Qe7 28. Qxe7 Nxe7 29. Rfe1 Nc8 30. Nh1 Nd6 31. Nf2 Bd5 32. Re3 Nd7 33. Rh3 Nf6 34. Ree3 Kg7 35. Rh4 Rh8 36. Reh3 Rxh4 37. Rxh4 a5 38. a3 b4 39. cxb4 axb4 40. Bxb4 Nb5 41. Bd1 Nxd4 42. Bc3 Nb5 43. Be5 c3 44. Nh3 cxb2 45. Bxb2 Kf7 46. Ng5+ Ke7 47. Rh3 Nd6 48. Bc3 Rc8 49. Be2 Nh5 50. Bxh5 gxh5 51. Bb4 Rc1+ 52. Kf2 Rc2+ 53. Ke3 Rxg2 54. Rxh5 Kd7 55. Rh8 Nc4+ 56. Kd4 Rg4 57. Kc5 Rxf4 58. h4 Rg4 59. Nh7 Ke7 60. Kb5+ Kf7 61. Ng5+ Kg6 62. Bf8 f4 63. Rh6+ Kf5 64. Bg7 Nxa3+ 65. Kc5 Rxh4 66. Rxh4 Kxg5 67. Rh2 Kf5 68. Kd4 Nb5+ 69. Kc5 Na7 70. Rb2 Nc6 71. Bc3 Ke4 72. Be1 Ne5 73. Re2+ Kf5 74. Bd2 f3 75. Rh2 Ke4 76. Be1 Nd3+ 0-1

[Event "Wilhelm Werner Memorial-M 28th"]
[Site "Bockenem"]
[Date "2003.05.31"]
[Round "6"]
[White "Ermel, Dirk"]
[Black "Tonndorf, Matthias"]
[Result "1-0"]
[WhiteElo "2032"]
[BlackElo "2027"]
[PlyCount "158"]
[EventDate "2003.??.??"]
[EventType "tourn"]
[EventRounds "7"]
[EventCountry "GER"]
[SourceTitle "EXT 2008"]
[Source "ChessBase"]
[SourceDate "2007.11.25"]
[SourceVersion "1"]
[SourceVersionDate "2007.11.25"]
[SourceQuality "1"]

1. c4 c5 2. e4 d6 3. Ne2 e6 4. Nbc3 Nf6 5. d4 cxd4 6. Nxd4 Be7 7. Be2 0-0 8. 0-0 a6 9. Be3 b6 10. Qd2 Bb7 11. f3 Nbd7 12. Rfd1 Qc7 13. Rac1 Rac8 14. Bf1 Qb8 15. Qf2 Bd8 16. g4 Ne5 17. b3 Bc7 18. g5 Nfd7 19. Bh3 Nc5 20. Qe2 Rfe8 21. Rd2 Qa8 22. Bg2 Ng6 23. Qf2 Qb8 24. Bh3 Rcd8 25. Nde2 Re7 26. b4 Nd7 27. f4 Rde8 28. Bg2 Qa8 29. h4 f5 30. exf5 Bxg2 31. fxg6 Bb7 32. gxh7+ Kxh7 33. h5 g6 34. Ng3 gxh5 35. g6+ Kxg6 36. f5+ Kh7 37. f6 Rf7 38. Nxh5 Rg8+ 39. Kf1 Rg6 40. Qh4 Bg2+ 41. Ke1 Qf3 42. Rxg2 Qxe3+ 43. Ne2 Rxg2 44. Nhf4+ Kg8 45. Nxg2 Qe5 46. Ngf4 Qxf6 47. Qg4+ Rg7 48. Qxe6+ Qf7 49. Kd2 Bd8 50. Qxd6 Be7 51. Qd5 Bxb4+ 52. Kd3 b5 53. cxb5 axb5 54. Rb1 Qxd5+ 55. Nxd5 Bf8 56. Rxb5 Nc5+ 57. Kc4 Rg4+ 58. Nd4 Bg7 59. Kxc5 Rxd4 60. Rb8+ Kh7 61. Rb7 Ra4 62. Nb4 Kg6 63. Kb5 Ra3 64. Re7 Bf8 65. Re2 Kf7 66. Nc6 Bd6 67. Na5 Be7 68. Nc4 Ra8 69. a4 Ke8 70. Nb6 Rb8 71. a5 Kf7 72. Kc6 Bd8 73. Rb2 Bf6 74. Rf2 Rh8 75. Nd5 Rc8+ 76. Kb7 Rc5 77. Rxf6+ Kg7 78. a6 Rxd5 79. Rb6 Re5 1-0

[Event "Wilhelm Werner Memorial-M 28th"]
[Site "Bockenem"]
[Date "2003.05.31"]
[Round "5"]
[White "Margraf, Daniel"]
[Black "Ermel, Dirk"]
[Result "0-1"]
[WhiteElo "2105"]
[BlackElo "2032"]
[PlyCount "78"]
[EventDate "2003.??.??"]
[EventType "tourn"]
[EventRounds "7"]
[EventCountry "GER"]
[SourceTitle "EXT 2008"]
[Source "ChessBase"]
[SourceDate "2007.11.25"]
[SourceVersion "1"]
[SourceVersionDate "2007.11.25"]
[SourceQuality "1"]

1. e4 c6 2. d4 d5 3. e5 Bf5 4. Ne2 e6 5. Ng3 Bg6 6. h4 h5 7. Be2 Be7 8. Nxh5 Bxh5 9. Bxh5 g6 10. Be2 Rxh4 11. Rxh4 Bxh4 12. Nd2 Qb6 13. Nb3 Nd7 14. Be3 Be7 15. Qd2 a5 16. a4 Qb4 17. f4 Nb6 18. Qxb4 axb4 19. a5 Nc4 20. Bxc4 dxc4 21. Nd2 b5 22. Ne4 Ra6 23. Ke2 Kf8 24. g4 f5 25. exf6 Nxf6 26. Nxf6 Bxf6 27. Kf3 Kf7 28. Ke4 Bd8 29. Rh1 Bxa5 30. Rh7+ Kg8 31. Rb7 b3 32. cxb3 cxb3 33. Ke5 Bc3 34. Bc1 Ra1 35. Rb8+ Kf7 36. Rb7+ Kf8 37. Rb8+ Ke7 38. f5 exf5 39. Bg5+ Kd7 0-1

[Event "Wilhelm Werner Memorial-M 28th"]
[Site "Bockenem"]
[Date "2003.05.28"]
[Round "1"]
[White "Ermel, Dirk"]
[Black "Meyer, Malte"]
[Result "1/2-1/2"]
[WhiteElo "2032"]
[BlackElo "2234"]
[PlyCount "114"]
[EventDate "2003.??.??"]
[EventType "tourn"]
[EventRounds "7"]
[EventCountry "GER"]
[SourceTitle "EXT 2008"]
[Source "ChessBase"]
[SourceDate "2007.11.25"]
[SourceVersion "1"]
[SourceVersionDate "2007.11.25"]
[SourceQuality "1"]

1. e4 e5 2. Bc4 Nf6 3. Nf3 Nxe4 4. Nc3 Nf6 5. Nxe5 d5 6. Bb3 c6 7. d4 Be7 8. 0-0 0-0 9. Bg5 Nbd7 10. f4 a5 11. a4 Nxe5 12. fxe5 Ng4 13. Bxe7 Qxe7 14. Qd3 Qh4 15. h3 Nh6 16. Ne2 b6 17. Rf4 Qe7 18. Ng3 Ba6 19. Qf3 f6 20. exf6 gxf6 21. Nh5 f5 22. Qg3+ Kh8 23. Re1 Qf7 24. Rh4 Rae8 25. Rxe8 Rxe8 26. Qd6 Qe6 27. Qxe6 Rxe6 28. Nf4 Re1+ 29. Kf2 Re4 30. Rxh6 Rxf4+ 31. Kg3 Rxd4 32. Rxc6 Rb4 33. Bxd5 Bb7 34. Rd6 Bxd5 35. Rxd5 f4+ 36. Kf3 Rxb2 37. Rd4 Rxc2 38. Rxf4 Kg7 39. Rd4 Rb2 40. g3 b5 41. axb5 Rxb5 42. Rd6 Rf5+ 43. Ke4 Rf6 44. Rd7+ Rf7 45. Rd4 Rb7 46. Ke5 Rb5+ 47. Ke6 Rb4 48. Rd7+ Kg6 49. Ra7 a4 50. Ke5 h6 51. Ra8 Kg5 52. Rg8+ Kh5 53. Ra8 Kg6 54. Rg8+ Kf7 55. Ra8 Rb3 56. Kf4 a3 57. Ra7+ Kg6 1/2-1/2